000 00766cam a2200217 a 4500
020 _a0471330477
040 _cDLC
082 0 0 _a004 JWI 2000 A005 Or.
100 1 _aGoldman, James E.
245 1 0 _aLocal area networks :
_ba business-oriented approach /
250 _a2nd ed.
260 _aNew York :
_bJ. Wiley,
_cc2000.
300 _axxxiv, 894 p. :
_bill. ;
_c26 cm. +
_e1 computer optical disc (4 3/4 in.)
650 0 _aLocal area networks (Computer networks)
650 0 _aClient/server computing.
700 1 _aRawles, Phillip T.
856 4 2 _uhttp://www.loc.gov/catdir/bios/wiley043/00267519.html
856 4 2 _uhttp://www.loc.gov/catdir/description/wiley035/00267519.html
856 4 _uhttp://www.loc.gov/catdir/toc/onix06/00267519.html
942 _cEK
999 _c12958
_d12958